000 00818nam a2200277 a 4500
001 873
003 BR-CuiBMT
005 20231129165958.0
008 231122s2010 rjba 000 0 por d
020 _a9788522508518
040 _aBR-CuiBMT
_cBR-CuiBMT
080 _22007
_a658.56
090 _a658.56
_bG393
_c10. ed.
245 0 0 _aGestão da qualidade /
_cIsnard Marshall Junior ... [et al.].
250 _a10. ed.
260 _aRio de Janeiro :
_bFGV,
_cc2010.
300 _a203 p. :
_bil. ;
_c21 cm
490 1 _aSérie gestão empresarial
504 _aInclui bibliografia.
650 _aControle de qualidade
_zBrasil
650 _aGestão da qualidade
_zBrasil
650 _aControle de produção
_zBrasil
700 1 _aMarshall Junior, Isnard
_4et al.
830 0 _aGestão empresarial
942 _2udc
_cLV
999 _c873
_d873